Statistics for 3,000 Hit Club Quiz

Click here to take the quiz!

General Stats

  • This quiz has been taken 19,243 times
    (6,252 since last reset)
  • The average score is 15 of 32

Answer Stats

Hits Player Year % Correct
4256Pete Rose1978
87%
4189Ty Cobb1921
81%
3465Derek Jeter2011
80%
3115Alex Rodriguez2015
73%
3089Ichiro Suzuki2016
71%
3771Hank Aaron1970
71%
3202Albert Pujols2018
70%
3283Willie Mays1970
63%
3000Roberto Clemente1972
61%
3184Cal Ripken2000
59%
3630Stan Musial1958
57%
3141Tony Gwynn1999
57%
3430Honus Wagner1914
48%
3010Wade Boggs1999
47%
3154George Brett1992
46%
3055Rickey Henderson2001
44%
3142Robin Yount1992
43%
3319Paul Molitor1996
43%
3060Craig Biggio2007
42%
3164Adrián Beltré2017
42%
3419Carl Yastrzemski1979
42%
3053Rod Carew1985
40%
3255Eddie Murray1995
36%
3514Tris Speaker1925
34%
3020Rafael Palmeiro2005
32%
3007Al Kaline1974
30%
3110Dave Winfield1993
30%
3011Cap Anson1897
27%
3242Nap Lajoie1914
27%
3023Lou Brock1979
26%
3315Eddie Collins1925
19%
3152Paul Waner1942
19%

Score Distribution

Percentile by Number Answered

Percent of People with Each Score

Your Score History

You have not taken this quiz since the last reset